000 01281nam a22002657a 4500
005 20211030092208.0
008 211030b ||||| |||| 00| 0 eng d
020 _a8187943084
040 _cAL
041 _aeng
082 _223
_a355.03
_bKUMI
100 _aSathish Kumar Ed
_99350
245 _aIndia's National Security: Annual Review
260 _aNew Delhi
_bIndia Research Press
_c2002
300 _axvi,589 p.
_bHB
_c22x14 cm.
520 _aThis fifteenth volume of India’s National Security Annual Review undertakes an incisive analysis of India’s endeavors to maximize its gains with respect to its strategic partners. The volume also focuses on the new dynamism that India has injected in its relations with countries in the Middle East and the Asia-Pacific. India’s threat perceptions in its extended security zone, critical aspects of its strategic preparedness and complex issues regarding its internal security have been thoroughly examined.
650 _aMilitary Science
_99351
650 _aNational Security
_99352
650 _aInternal Security
_99353
650 _aEconomic Security
_99354
650 _aPolitico Military Environment
_99355
650 _aTechnology and Security
_99356
700 _aKUMAR (Satish) Ed
_99357
942 _2ddc
_cGF
999 _c220299
_d220299